| 000 | 00620pam a2200181 a 4500 | ||
|---|---|---|---|
| 020 | _a0070239797 (acidfree paper) | ||
| 040 | _cDLC | ||
| 082 | 0 | 0 | _a973 MCG 1996 A101 Or. |
| 100 | 1 | _aGraham, Otis L. | |
| 245 | 1 | 2 |
_aA limited bounty : _bthe United States since World War II / |
| 260 |
_aNew York : _bMcGraw-Hill, _cc1996. |
||
| 300 |
_axix, 324 p. : _bill., maps ; _c24 cm. |
||
| 650 | 0 | _aEnvironmental policy | |
| 856 | 4 | 2 | _uhttp://www.h-net.org/review/hrev-a0a1v7-aa |
| 856 | 4 | 2 | _uhttp://www.loc.gov/catdir/description/mh022/95043709.html |
| 856 | 4 | 1 | _uhttp://www.loc.gov/catdir/toc/mh022/95043709.html |
| 942 | _cEK | ||
| 999 |
_c13250 _d13250 |
||